000 01099nam0a22002891 4500
001 rc\101584
005 20250612170925.0
035 _a(NLR Aleph) 008744168
090 _a9544165
_c9544165
100 _a20021216d1991 |||y0rusy50 ca
101 0 _arus
102 _aRU
105 _ay |||||||||
200 1 _aГраничные свойства интеграла Бохнера-Мартинелли
_e(Обзор результатов)
210 _aКрасноярск
_cИФ
_d1991
215 _a50 с.
_d20
225 1 _aПрепринт
_fАН СССР. Сиб. отд-ние. Ин-т физики им. Л.В. Киренского
_v№ 54М
320 _aБиблиогр.: с. 43-50
606 1 _aИнтегралы Бохнера - Мартинелли
_2nlr_sh1
700 1 _aКытманов
_bА.М.
_gАлександр Мечиславович
701 1 _aТарханов
_bН.Н.
_gНиколай Николаевич
801 0 _aRU
_bNLR
_gpsbo
801 1 _aRU
_bELAR
_2rusmarc
801 2 _aRU
_bNLR
_c20050413
_2rusmarc
852 _aNLR
_j91-4/5053
942 _cBOOK
980 _aNB